000 01176nam a2200265Ia 4500
003 OSt
005 20221005105320.0
006 a|||||r|||| 00| 0
007 ta
008 221004b |||||||| |||| 00| 0 hin d
020 _a9788170547013 (hbk)
_c700
024 _a24383
037 _b60, 30/12/2015, Mallika Books
_cTextual
040 _aCRL
_cCRL
_bhin
041 _2hin
_ahin
082 _a4(P152), 152Q5
100 _aअवस्थी, मनोहर लाल
245 0 _aहिन्दी पत्रकारिता स्वरूप एवं सम्भावनाएं
_b हिमाचल के विशेष संदर्भ में
246 _aHindī patrakāritā svarūp evan sambhāvanāean: himāchal ke visheṣh sandarbha mean
260 _aनई दिल्ली
_bक्लासिकल पब्लिशिंग कम्पनी भारत
_c2015
300 _a272पृ0
_ccm.
650 _aहिन्दी पत्रकारिता
942 _h4(P152), 152Q5
_cTEXL
_2cc
999 _c1015441
_d1015441